| 000 | 00980nam a22003017a 4500 | ||
|---|---|---|---|
| 001 | 0005632 | ||
| 003 | DO-SdBPM | ||
| 005 | 20250409131046.0 | ||
| 007 | 0005632 | ||
| 008 | 151023b1996 sp ||| 00| 0 spa d | ||
| 020 | _a8422659115 | ||
| 040 |
_aDO-SdBPM _bspa _cBPMSU |
||
| 082 | 4 |
_a839.313 _bT318t 1996 _222 |
|
| 100 | 1 |
_aTerlouw, Jan, _e1931- |
|
| 245 | 1 | 3 |
_a El tío Willibrord / _cJan Terlouw ; traducción Teodoro Larriba ; ilustraciones Ingrid y Dieter Schubert. |
| 250 | _a11a. ed. | ||
| 260 |
_aMadrid : _bCírculo de lectores, _c1996 |
||
| 300 |
_a156 p. : _bil. ; _g22 cm |
||
| 490 | 0 |
_aEl barco de vapor; _aCírculo de lectores |
|
| 500 | _aPara niños a partir de 9 años. | ||
| 590 | _aInventariado, 2025/VM | ||
| 650 | 4 | _aCuentos juveniles holandeses | |
| 700 | 1 |
_aSchubert, Ingrid _eilustración |
|
| 700 | 1 |
_a Larriba, Teodoro _etraductor |
|
| 700 |
_4 _aSchubert, Dieter _eil. |
||
| 910 | _aVMateo V. Control de calidad. BPMSU | ||
| 942 |
_2ddc _cBK |
||
| 999 |
_c9666 _d9666 |
||